| 000 | 01327cam a22003131i 4500 | ||
|---|---|---|---|
| 003 | SA-RiAUC | ||
| 005 | 20250915045822.0 | ||
| 008 | 250913s1993 le g b 000 0 ara c | ||
| 040 |
_aLB-BrLEU _bara _cSA-RiAUC. _erda |
||
| 041 | 1 |
_aara _hund |
|
| 043 |
_aa-io--- _af-mr--- |
||
| 082 | 0 | 4 |
_a306.61 _qSA-RiAUC |
| 090 |
_a306.61 _bغ ي ر |
||
| 100 | 1 |
_aغيرتز، كليفورد، _d1926-2006 _eمؤلف. |
|
| 245 | 1 | 2 |
_aالإسلام من وجهة نظر علم الإناسة : _bالتطور الديني في المغرب وأندونيسيا / _cكليفورد غيرتز ؛ ترجمة أبو بكر أحمد باقادر. |
| 250 | _aالطبعة الأولى. | ||
| 264 | 1 |
_aبيروت : _bدار المنتخب العربي، _c1993. |
|
| 300 |
_a132 صفحة ؛ _c24 سم |
||
| 336 |
_aنص _btxt _2rdacontent _3كتاب |
||
| 337 |
_aبدون وسيط _bn _2rdamedia |
||
| 338 |
_aمجلد _bnc _2rdacarrier |
||
| 504 | _aيشتمل على إرجاعات ببليوجرافية. | ||
| 650 | 7 |
_aعلم الاجتماع الإسلامي _2aucsh |
|
| 650 | 7 |
_aالإسلام _zالمغرب _2aucsh |
|
| 650 | 7 |
_aالإسلام _zإندونيسيا _2aucsh |
|
| 700 | 1 |
_aباقادر، أبو بكر أحمد، _d1369 هجري- _eمترجم. |
|
| 942 |
_2ddc _cBOOK _n0 |
||
| 949 |
_aSA-JeALM _d250913 _umohamedma123 _n1 |
||
| 999 |
_c11723 _d11723 |
||